000 00437nam a22001817a 4500
003 MPLRDC
005 20220104123952.0
008 210129b ||||| |||| 00| 0 eng d
020 _a7-5328-0413-5
082 _a528.9014 DZY
100 _a丁忠元
245 _a体育心理学
_c
250 _a一版一刷
260 _a
_b山东教育出版社
_c1988
300 _b
650 _a体育心理学
942 _cBK
_o528.9014 DZY
999 _c15617
_d15607